MyGZULibrary

Mathematics explained for primary teachers / (Record no. 4452)

MARC details
000 -LEADER
fixed length control field 01287cam a2200313 a 4500
001 - CONTROL NUMBER
control field 12429211
003 - CONTROL NUMBER IDENTIFIER
control field GZU
005 - DATE AND TIME OF LATEST TRANSACTION
control field 20210316100004.0
008 - FIXED-LENGTH DATA ELEMENTS--GENERAL INFORMATION
fixed length control field 010601s2001 enka b 001 0 eng
010 ## - LIBRARY OF CONGRESS CONTROL NUMBER
LC control number 2001271114
020 ## - INTERNATIONAL STANDARD BOOK NUMBER
International Standard Book Number 0761969500
020 ## - INTERNATIONAL STANDARD BOOK NUMBER
International Standard Book Number 0761969519 (pbk)
040 ## - CATALOGING SOURCE
Original cataloging agency DLC
Transcribing agency DLC
Modifying agency DLC
050 00 - LIBRARY OF CONGRESS CALL NUMBER
Classification number QA135.6
Item number .H39 2001
082 00 - DEWEY DECIMAL CLASSIFICATION NUMBER
Classification number 372.7/044
Edition number 21
100 1# - MAIN ENTRY--PERSONAL NAME
Personal name Haylock, Derek.
245 10 - TITLE STATEMENT
Title Mathematics explained for primary teachers /
Statement of responsibility, etc. Derek Haylock.
250 ## - EDITION STATEMENT
Edition statement 2nd ed.
260 ## - PUBLICATION, DISTRIBUTION, ETC.
Place of publication, distribution, etc. London :
Name of publisher, distributor, etc. P. Chapman Pub. ;
Place of publication, distribution, etc. Thousand Oaks, Calif. :
Name of publisher, distributor, etc. SAGE Publications,
Date of publication, distribution, etc. 2001.
300 ## - PHYSICAL DESCRIPTION
Extent x, 306 p. :
Other physical details ill. ;
Dimensions 25 cm.
504 ## - BIBLIOGRAPHY, ETC. NOTE
Bibliography, etc. note Includes bibliographical references (p. 8) and index.
650 #0 - SUBJECT ADDED ENTRY--TOPICAL TERM
Topical term or geographic name entry element Mathematics
General subdivision Study and teaching (Elementary)
856 42 - ELECTRONIC LOCATION AND ACCESS
Materials specified Publisher description
Uniform Resource Identifier <a href="http://www.loc.gov/catdir/enhancements/fy0658/2001271114-d.html">http://www.loc.gov/catdir/enhancements/fy0658/2001271114-d.html</a>
856 41 - ELECTRONIC LOCATION AND ACCESS
Materials specified Table of contents only
Uniform Resource Identifier <a href="http://www.loc.gov/catdir/enhancements/fy0658/2001271114-t.html">http://www.loc.gov/catdir/enhancements/fy0658/2001271114-t.html</a>
856 42 - ELECTRONIC LOCATION AND ACCESS
Materials specified Contributor biographical information
Uniform Resource Identifier <a href="http://www.loc.gov/catdir/enhancements/fy1008/2001271114-b.html">http://www.loc.gov/catdir/enhancements/fy1008/2001271114-b.html</a>
906 ## - LOCAL DATA ELEMENT F, LDF (RLIN)
a 7
b cbc
c origcop
d 3
e ncip
f 20
g y-gencatlg
942 ## - ADDED ENTRY ELEMENTS (KOHA)
Source of classification or shelving scheme Library of Congress Classification
Koha item type Books
Edition 2nd ed
Classification part 135.5
Item part HAY
Call number prefix QA
Holdings
Withdrawn status Lost status Source of classification or shelving scheme Damaged status Not for loan Collection code Home library Current library Shelving location Date acquired Inventory number Total Checkouts Full call number Barcode Date last seen Copy number Price effective from Koha item type Source of acquisition
    Library of Congress Classification     Non-fiction City Campus Library City Campus Library General Stacks 03/16/2021 6772   QA 135.5 HAY 2001 G19907 03/16/2021 c. 1 03/16/2021 Books  
    Library of Congress Classification     Non-fiction City Campus Library City Campus Library General Stacks 06/07/2021 6721   QA135.5 HAY 2001 G19940 06/07/2021 c. 2 06/07/2021 Books Book Aid International